[Event "Aragon-ch Seniors-B"]
[Site "Zaragoza"]
[Date "2017.05.27"]
[Round "6"]
[White "Ferruz Martinez, Rafael"]
[Black "Otal Bornau, Jose Miguel"]
[Result "1-0"]
[WhiteElo "1301"]
[BlackElo "1493"]
[PlyCount "83"]
[EventDate "2017.04.22"]
[EventType "swiss"]
[EventRounds "8"]
[EventCountry "ESP"]
[SourceTitle "EXT 2019"]
[Source "ChessBase"]
[SourceDate "2018.10.10"]
[SourceVersion "1"]
[SourceVersionDate "2018.10.10"]
[SourceQuality "1"]

1. e4 c5 2. Nc3 Nc6 3. Nge2 g6 4. g3 Bg7 5. d3 d6 6. Bg2 Rb8 7. a4 a5 8. Bd2 b6 9. 0-0 Bg4 10. h3 Bd7 11. f4 Nd4 12. Be3 Qc8 13. e5 Bxh3 14. Nxd4 cxd4 15. Bxd4 Bxg2 16. Kxg2 h5 17. Rh1 Qc6+ 18. Qf3 Qxf3+ 19. Kxf3 Nh6 20. Nb5 Nf5 21. Bc3 d5 22. Nc7+ Kd7 23. Nxd5 Ke6 24. Ne3 Rbd8 25. Nxf5 Kxf5 26. d4 Rd5 27. b4 axb4 28. Bxb4 Rxd4 29. Bxe7 Rc8 30. Rhe1 Rxc2 31. Ra3 Rc7 32. Bd6 Rcc4 33. a5 Bh6 34. axb6 Bxf4 35. b7 Bxg3 36. Kxg3 Rg4+ 37. Kf2 Rc2+ 38. Re2 Rcc4 39. b8Q Rh4 40. Rf3+ Kg4 41. e6 f5 42. Rg3# 1-0

[Event "Aragon-ch Seniors"]
[Site "Spain"]
[Date "2005.??.??"]
[Round "6"]
[White "Codina Escudero, Juan"]
[Black "Otal Bornau, Jose Miguel"]
[Result "1/2-1/2"]
[WhiteElo "1634"]
[BlackElo "1500"]
[PlyCount "146"]
[EventDate "2005.??.??"]
[EventType "swiss"]
[EventRounds "9"]
[EventCountry "ESP"]
[SourceTitle "EXT 2007"]
[Source "ChessBase"]
[SourceDate "2006.11.23"]
[SourceVersion "1"]
[SourceVersionDate "2006.11.23"]
[SourceQuality "1"]

1. d4 Nf6 2. c4 e6 3. Nc3 Bb4 4. Bd2 Nc6 5. e3 0-0 6. a3 Bxc3 7. Bxc3 Ne4 8. Rc1 d5 9. Nf3 Nxc3 10. Rxc3 Re8 11. cxd5 exd5 12. Qc2 a6 13. Bd3 g6 14. h3 Bd7 15. 0-0 Rc8 16. Nd2 Qg5 17. Kh2 Re6 18. Nb3 Re7 19. Nc5 Rb8 20. b4 Bf5 21. Bxf5 gxf5 22. f4 Qh5 23. Rf3 Nd8 24. Qe2 Kh8 25. Qc2 c6 26. Qf2 Ne6 27. Nd3 f6 28. Rg3 Rg7 29. Ne1 Rbg8 30. Rxg7 Rxg7 31. Qf3 Qg6 32. a4 Qf7 33. b5 Qd7 34. bxa6 bxa6 35. Qe2 Qb7 36. Qc2 Nd8 37. Qxf5 Rg6 38. Qc2 Qb4 39. Qb3 Qa5 40. Nd3 Rg7 41. Qb4 Qxb4 42. Nxb4 a5 43. Nd3 Rb7 44. Rc5 Rb3 45. Nf2 Rb2 46. Kg3 Rb3 47. Kf3 Ne6 48. Rxa5 Nxd4+ 49. Kg4 Rxe3 50. g3 f5+ 51. Kh4 h6 52. Nh1 Kg7 53. Kh5 Ne2 54. Ra7+ Kf6 55. Ra6 Nxf4+ 56. Kxh6 Nxh3 57. Rxc6+ Re6 58. Rc5 Kf7+ 59. Kh5 Kg7 60. Rc7+ Kf6 61. Rc3 d4 62. Rf3 Re3 63. Rf1 Re4 64. a5 d3 65. Rd1 Ra4 66. Rxd3 Rxa5 67. Kh4 Ng5 68. Rd6+ Ne6 69. Nf2 Ke5 70. Rd2 Ra4+ 71. g4 fxg4 72. Nxg4+ Kf5 73. Rf2+ Nf4 1/2-1/2

[Event "Aragon-ch Seniors"]
[Site "Spain"]
[Date "2005.??.??"]
[Round "8"]
[White "Lera Perez, Jose Carlos"]
[Black "Otal Bornau, Jose Miguel"]
[Result "0-1"]
[WhiteElo "1588"]
[BlackElo "1500"]
[PlyCount "104"]
[EventDate "2005.??.??"]
[EventType "swiss"]
[EventRounds "9"]
[EventCountry "ESP"]
[SourceTitle "EXT 2007"]
[Source "ChessBase"]
[SourceDate "2006.11.23"]
[SourceVersion "1"]
[SourceVersionDate "2006.11.23"]
[SourceQuality "1"]

1. d4 Nf6 2. c4 e6 3. Nf3 Be7 4. Bf4 0-0 5. h3 c5 6. e3 d5 7. Nc3 cxd4 8. Nxd4 Re8 9. cxd5 exd5 10. Bd3 Bc5 11. Nf3 d4 12. Ne2 Bb4+ 13. Nd2 dxe3 14. Bb5 exd2+ 15. Bxd2 Bxd2+ 16. Qxd2 Qxd2+ 17. Kxd2 Bd7 18. Bd3 Nc6 19. Rhd1 Rad8 20. Ke1 Ne5 21. Bc2 Ng6 22. Bxg6 fxg6 23. a4 Bc6 24. f3 Rxd1+ 25. Kxd1 Nd5 26. Kd2 Rd8 27. Ke1 Nb4 28. Kf2 Nd3+ 29. Kg3 Nxb2 30. a5 a6 31. Nf4 Kf7 32. h4 h6 33. Ra2 Nc4 34. Ra1 Re8 35. Nd3 g5 36. hxg5 hxg5 37. Kf2 Kf6 38. g3 Re3 39. Ne1 Rb3 40. f4 gxf4 41. gxf4 Kf5 42. Rc1 Rb2+ 43. Kf1 Nd2+ 44. Kg1 Nf3+ 45. Nxf3 Bxf3 46. Rc7 g6 47. Kf1 Kxf4 48. Rf7+ Kg4 49. Rf6 g5 50. Ke1 Kg3 51. Rf8 g4 52. Rg8 Re2+ 0-1

[Event "Aragon-ch Seniors"]
[Site "Spain"]
[Date "2005.??.??"]
[Round "2"]
[White "Otal Bornau, Jose Miguel"]
[Black "Solana Garcia, Angel"]
[Result "0-1"]
[WhiteElo "1500"]
[BlackElo "1604"]
[PlyCount "78"]
[EventDate "2005.??.??"]
[EventType "swiss"]
[EventRounds "9"]
[EventCountry "ESP"]
[SourceTitle "EXT 2007"]
[Source "ChessBase"]
[SourceDate "2006.11.23"]
[SourceVersion "1"]
[SourceVersionDate "2006.11.23"]
[SourceQuality "1"]

1. e4 c5 2. Nf3 d6 3. d4 cxd4 4. Nxd4 Nf6 5. Nc3 a6 6. Be3 e5 7. Nb3 Be6 8. Be2 Be7 9. f3 Nbd7 10. Nd5 Nxd5 11. exd5 Bf5 12. Qd2 Rc8 13. c3 0-0 14. g4 Bh4+ 15. Bf2 Bg6 16. Rg1 Bxf2+ 17. Kxf2 Qh4+ 18. Kf1 Qxh2 19. Rg2 Qf4 20. Qe1 e4 21. Rf2 exf3 22. Bxf3 Qg3 23. Nd4 Rfe8 24. Qd2 Qh3+ 25. Kg1 Ne5 26. Raf1 Nxf3+ 27. Nxf3 Qxg4+ 28. Rg2 Qc4 29. a3 h6 30. Rff2 Re4 31. Nd4 Rce8 32. Rg3 Qxd5 33. Rfg2 Re1+ 34. Kh2 Qh5+ 35. Rh3 Rh1+ 36. Kxh1 Qxh3+ 37. Kg1 Be4 38. b4 Bxg2 39. Qxg2 Re1+ 0-1

[Event "Aragon-ch Seniors"]
[Site "Spain"]
[Date "2005.??.??"]
[Round "4"]
[White "Rico, Felix"]
[Black "Otal Bornau, Jose Miguel"]
[Result "0-1"]
[WhiteElo "1587"]
[BlackElo "1500"]
[PlyCount "142"]
[EventDate "2005.??.??"]
[EventType "swiss"]
[EventRounds "9"]
[EventCountry "ESP"]
[SourceTitle "EXT 2007"]
[Source "ChessBase"]
[SourceDate "2006.11.23"]
[SourceVersion "1"]
[SourceVersionDate "2006.11.23"]
[SourceQuality "1"]

1. e4 c5 2. f4 d6 3. Nf3 Nc6 4. g3 Bg4 5. Bg2 Nd4 6. 0-0 Rb8 7. d3 e5 8. c3 Nxf3+ 9. Bxf3 Bh3 10. Bg2 Bxg2 11. Kxg2 Be7 12. Nd2 Nf6 13. Nf3 Qc7 14. f5 0-0 15. c4 a6 16. b3 b5 17. Be3 bxc4 18. bxc4 Ng4 19. Qe1 Rb2+ 20. Kg1 Rfb8 21. h3 Nf6 22. g4 h6 23. Rf2 Qb7 24. Nd2 Nh7 25. Nf3 Nf6 26. Nd2 Nxg4 27. Rg2 Nxe3 28. Qxe3 Bg5 29. Qg3 f6 30. h4 Bxd2 31. Qg6 Kh8 32. Kh1 Be3 33. Re1 Rb1 34. Rge2 Rxe1+ 35. Rxe1 Bd4 36. Qg2 Qc8 37. Kh2 Rb2 38. Re2 Rxe2 39. Qxe2 Qb8 40. Qh5 Qf8 41. Kh3 Kg8 42. Qd1 Qa8 43. Qa4 Kh7 44. Qd7 Qb8 45. Qf7 Kh8 46. Qe6 Qf8 47. a4 h5 48. Qd7 g5 49. hxg5 fxg5 50. Qe6 g4+ 51. Kg2 Be3 52. f6 Bg5 53. f7 Be7 54. Qg6 Bg5 55. Qxh5+ Bh6 56. Qg6 g3 57. Kxg3 Qg7 58. Qxg7+ Kxg7 59. Kg4 Kxf7 60. Kf5 Bd2 61. Kg4 Kg6 62. Kf3 Kg5 63. Ke2 Bb4 64. Kf3 Bc3 65. Kg3 Be1+ 66. Kf3 Kh4 67. Ke2 Bc3 68. Kf3 Bd4 69. Ke2 Kg3 70. Kd2 Kf3 71. Kc2 Ke2 0-1